[Event "Karelian op 10th"]
[Site "Petrozavodsk"]
[Date "2010.10.10"]
[Round "2"]
[White "Stebunov, Alexander A"]
[Black "Baganov, Dmitry"]
[Result "1-0"]
[WhiteElo "1929"]
[BlackElo "1941"]
[PlyCount "129"]
[EventDate "2010.10.01"]
[EventType "swiss"]
[EventRounds "9"]
[EventCountry "RUS"]
[SourceTitle "EXT 2022"]
[Source "ChessBase"]
[SourceDate "2021.10.06"]
[SourceVersion "1"]
[SourceVersionDate "2021.10.06"]
[SourceQuality "1"]

1. e4 e5 2. Nf3 Nc6 3. Bc4 Nf6 4. d4 exd4 5. e5 Ne4 6. 0-0 d5 7. Bb5 Bg4 8. Qxd4 Bxf3 9. gxf3 Ng5 10. Qg4 Ne6 11. Bxc6+ bxc6 12. f4 Nd4 13. f5 Qh4 14. Qxh4 Nf3+ 15. Kh1 Nxh4 16. f6 gxf6 17. exf6 Bd6 18. Bh6 Nf3 19. h3 Nd4 20. Nd2 Nxc2 21. Rac1 Nb4 22. a3 Nd3 23. Rxc6 Nxb2 24. Rb1 Nd3 25. Be3 Kd7 26. Ra6 Bc5 27. Ra5 Nxf2+ 28. Bxf2 Bxf2 29. Rxd5+ Ke6 30. Rdb5 Bd4 31. Re1+ Kxf6 32. Ne4+ Kg7 33. Rg5+ Kf8 34. Rd5 Bb2 35. Nc5 Rg8 36. a4 Rg6 37. Rf5 f6 38. Rd1 Re8 39. Rdf1 Kf7 40. h4 Bd4 41. Nd3 Rg4 42. R5f4 Rxf4 43. Rxf4 Re3 44. Rxd4 Ke7 45. Kg2 f5 46. Nc5 Kf6 47. Rd7 Re7 48. Rxe7 Kxe7 49. Kf3 Kd6 50. Nd3 c5 51. Kf4 c4 52. Nc1 Kc5 53. Kxf5 Kd5 54. Kg5 Ke5 55. h5 Ke6 56. Kh6 Kf6 57. Kxh7 Kf7 58. Ne2 a5 59. h6 Kf8 60. Kg6 Kg8 61. Nc3 Kh8 62. Nb5 Kg8 63. h7+ Kh8 64. Nd6 c3 65. Nf7# 1-0